| 000 | 00447cam a2200169 a 4500 | ||
|---|---|---|---|
| 020 | _a3110170728 (pbk. : alk. paper) | ||
| 040 | _cDLC | ||
| 041 | 1 | _hger | |
| 082 | 0 | 0 | _a526 WDE 2001 A033 Or. |
| 100 | 1 | _aTorge, Wolfgang. | |
| 245 | 1 | 0 | _aGeodesy / |
| 250 | _a3rd completely rev. and extended ed. | ||
| 260 |
_aBerlin ; _aNew York : _bW. de Gruyter, _c2001. |
||
| 300 |
_axv, 416 p. : _bill., maps ; _c24 cm. |
||
| 650 | 0 | _aGeodesy. | |
| 942 | _cEK | ||
| 999 |
_c12376 _d12376 |
||